| 000 | 00556nam a2200181 i 4500 | ||
|---|---|---|---|
| 001 | 80911 | ||
| 003 | ES-MaACL | ||
| 005 | 20250824030531.0 | ||
| 007 | t| | ||
| 008 | 041102s1919 xxu ||||1| eng d | ||
| 100 | 1 |
_aHornblow, Arthur. _964213 |
|
| 245 | 1 | 2 |
_aA History of the Theatre in America from beginnings to the present time / _cArthur Hornblow. |
| 260 |
_aPhiladelphia : _bJ.B. Lippincott, _c1919. |
||
| 300 |
_a2 v. : _bil. ; _c23 cm. |
||
| 650 | 7 |
_aTeatro- _zEstados Unidos _2 _9156032 |
|
| 852 |
_aES-MaACL _jF-2289-90 |
||
| 999 |
_c80911 _d80911 |
||